[Event "23rd Pirc Memorial GM 2020"]
[Site "Maribor"]
[Date "2020.08.13"]
[Round "5.2"]
[White "Marn, Jan"]
[Black "Lampert, Jonas"]
[Result "0-1"]
[WhiteElo "2360"]
[BlackElo "2531"]
[Annotator "TA"]
[PlyCount "74"]
[EventDate "2020.08.10"]
[EventType "tourn"]
[EventCountry "SLO"]
[SourceTitle "playchess.com"]
[Source "ChessBase"]
[SourceQuality "1"]

{[%evp 13,74,0,0,0,0,0,0,0,0,0,0,0,0,0,0,-46,-50,-50,-50,-46,-51,-61,-53,-112,-113,-107,-93,-168,-169,-173,-176,-191,-179,-320,-313,-361,-354,-491,-489,-529,-522,-518,-501,-521,-521,-502,-512,-634,-637,-627,-626,-593,-605,-715,-679,-1688,-1434,-29988,-29989,-29989,-29990,-29990,-29991]} 1. d4 d5 2. c4 e6 3. Nc3 Bb4 4. e3 Nf6 5. Bd2 O-O 6. Nf3 b6 7. cxd5 exd5 8. Rc1 {E51: Nimzo-Indian: Rubinstein: 4...0-0 5 Nf3 d5.} Re8 9. Bd3 Bb7 10. O-O {The position is equal.} Bf8 $1 {[%mdl 4] is more profitable than 10...a6 at the moment. Played by Leinier Dominguez Perez in July 2020.} 11. Ne5 c5 12. f4 Nc6 {[#]} 13. Ne2 $146 ({Predecessor:} 13. Nxd5 Qxd5 14. Bc4 Qxg2+ 15. Kxg2 Nxe5+ 16. Kg1 Nxc4 17. Rxc4 Ba6 18. Rc1 Bxf1 19. Qxf1 {0-1 (142) Bluebaum,M (2644)-Karjakin,S (2754) Moscow 2019}) 13... Rc8 14. Ng3 (14. Be1 {seems wilder.} Qd6 15. Bh4 cxd4 16. Rxc6 Bxc6 17. Nxd4 Bb7 18. Nf5) 14... cxd4 15. Nxc6 Rxc6 16. Rxc6 Bxc6 17. exd4 Ne4 18. Bxe4 {Black keeps a firm grip on the game.} (18. Re1 $15) 18... dxe4 $17 19. Be3 Qd5 20. f5 (20. Qb3 $17) 20... Qxa2 $19 21. f6 {With the idea fxg7.} g6 22. Qc1 Qe6 23. h4 (23. Qd1 $142) 23... Bb5 24. Rf4 Bd3 25. h5 Bd6 26. hxg6 hxg6 27. d5 Qxd5 28. Rg4 Qe6 29. Rg5 Rc8 30. Qe1 Qxf6 31. Nf5 Bc5 {Strongly threatening ...Qxg5.} 32. Qg3 Bxe3+ 33. Qxe3 Rc5 {[%mdl 64] [#] Pin} 34. g4 Kf8 35. b4 Qa1+ {Black mates.} 36. Kh2 Rc2+ 37. Kg3 Qe5+ {[%mdl 64] Double Attack. Accuracy: White = 49%, Black = 100%.} 0-1

[Event "23rd Pirc Memorial GM 2020"]
[Site "Maribor"]
[Date "2020.08.13"]
[Round "5.3"]
[White "Morgunov, Marc"]
[Black "Bratkovic, Sham"]
[Result "1-0"]
[WhiteElo "2341"]
[BlackElo "2236"]
[Annotator "TA"]
[PlyCount "159"]
[EventDate "2020.08.10"]
[EventType "tourn"]
[EventCountry "SLO"]
[SourceTitle "playchess.com"]
[Source "ChessBase"]
[SourceQuality "1"]

{[%evp 19,159,0,0,-22,-25,-49,-41,-35,-51,-47,-43,-34,0,0,9,0,0,16,0,-14,74,64,51,39,50,-87,-14,-15,0,0,0,0,27,40,60,56,65,69,183,0,0,0,0,-18,-18,-25,-18,-41,-3,-7,0,-14,-26,-21,-29,-66,160,160,266,170,141,113,125,98,173,212,112,223,220,220,223,212,15,17,465,460,12848,12848,29938,29938,29937,29938,29953,29947,29959,29958,29960,29958,29961,29961,29962,29962,29962,29952,29966,29966,29966,29967,29964,29965,29960,29960,29973,29974,29977,29978,29979,29979,29980,29980,29980,29981,29984,29983,29985,29986,29986,29981,29981,29980,29982,29970,29983,29984,29984,29985,29985,29986,29987,29988,29988,29989,29989,29990,29990,29990,29991,29992,29992,29992,29992,4145]} 1. e4 e5 2. Nf3 Nc6 3. Bb5 Nf6 4. O-O Nxe4 5. d4 Nd6 6. Bxc6 dxc6 7. dxe5 Nf5 8. Qxd8+ Kxd8 9. h3 Bd7 10. Nc3 h6 11. Ne4 {C67: Ruy Lopez: Berlin Defence: 4 0-0 Nxe4.} b6 12. g4 Ne7 13. Ng3 {Black is slightly better.} Kc8 {[#]} 14. b3 $146 ({Predecessor:} 14. Nh2 g5 15. Nh5 Ng6 16. Re1 Kb7 17. Kg2 Be6 18. Bd2 a5 19. a3 Rd8 20. Rad1 {1-0 (38) Fercec,N (2462)-Lanzani,M (2347) Milan 2012}) 14... c5 15. Bb2 Ng6 16. Nh5 Bc6 17. Nd2 Kb7 18. f4 Nh4 19. Kh2 Rg8 (19... Rd8 $11 {keeps the balance.} 20. Nc4 Nf3+ 21. Kg3 Nd4) 20. Kg3 $16 Be7 21. Nc4 Rad8 22. Rad1 {[#]} (22. f5 $14 {keeps the upper hand.} Bg5 23. Nf4) 22... Rxd1 (22... Nf3 $1 $17 {[%mdl 512] ...Bh4+ is the strong threat.} 23. Kf2 (23. Rxf3 Rxd1) 23... Bh4+ 24. Ke2 Nd4+ 25. Bxd4 cxd4) 23. Rxd1 $11 Nf3 24. Kf2 Bh4+ 25. Ng3 Kc8 26. Rd3 Bxg3+ 27. Kxg3 Ne1 $1 {[%cal Re1d3]} 28. Rd2 Rd8 (28... Nf3 $14) 29. Rxd8+ $2 ({White should play} 29. Rf2 $18) 29... Kxd8 $18 {[%mdl 4096] Endgame KBN-KBN} 30. Ne3 Be4 31. c4 Nd3 32. Ba1 Nc1 {White should prevent ...Ne2+.} 33. f5 Nxa2 34. Kf4 Bc6 {Strongly threatening ...Nc1.} 35. g5 hxg5+ 36. Kxg5 Nc1 37. f6 g6 $2 (37... gxf6+ $15 38. Kxf6 Nxb3) 38. e6 $1 $16 {[%cal Re6f7]} Be8 (38... Ke8 $16 {is a better defense.}) 39. exf7 Bxf7 40. Kh6 $1 {[%cal Rh6g7] Black must now prevent Kg7.} Ke8 41. Kg7 $1 c6 {[#]} ({Avoid the trap} 41... Nxb3 $2 42. Nd5 $18) (41... g5 $16) 42. Ng4 $1 $18 {[%cal Rg4h6] And now Nh6 would win.} Nxb3 {[#]} (42... Be6 $18) 43. Ne5 $1 $16 {[%cal Re5f7][%mdl 64] Double Attack} Be6 44. Bc3 Nd4 45. f7+ Bxf7 46. Nxf7 Ne2 $2 {[%mdl 8192] Loses the game.} (46... Ne6+ $1 $11 47. Kxg6 Nf4+ 48. Kf5 Nxh3) 47. Be5 $18 Ng1 (47... b5 $142 48. Kxg6 b4 49. Nd6+ Kd7) 48. Ng5 Nxh3 49. Nxh3 {White mates.} b5 50. Kxg6 a5 51. Nf4 a4 52. Ne6 a3 53. Nxc5 bxc4 54. Kf6 a2 55. Ke6 Kd8 56. Kd6 Kc8 57. Kxc6 Kd8 58. Kd5 Ke7 59. Kxc4 Kf7 60. Kd5 Ke7 61. Nd3 Kf7 62. Nb4 Ke7 63. Nxa2 Kd7 64. Bd6 Kd8 65. Nc3 Kc8 66. Kc6 Kd8 67. Nd5 Kc8 68. Nc7 Kd8 69. Bc5 Kc8 70. Ba7 Kd8 71. Nd5 Ke8 72. Kd6 Kf7 73. Ne7 Kf6 74. Be3 Kf7 75. Bd4 Ke8 76. Ke6 Kd8 77. Bb6+ Ke8 78. Nf5 Kf8 79. Ba5 Ke8 80. Ng7+ {Accuracy: White = 85%, Black = 55%.} 1-0

[Event "23rd Pirc Memorial GM 2020"]
[Site "Maribor"]
[Date "2020.08.13"]
[Round "5.4"]
[White "Markoja, Boris"]
[Black "Mikhalchishin, Adrian"]
[Result "1-0"]
[WhiteElo "2440"]
[BlackElo "2458"]
[Annotator "TA"]
[PlyCount "134"]
[EventDate "2020.08.10"]
[EventType "tourn"]
[EventCountry "SLO"]
[SourceTitle "playchess.com"]
[Source "ChessBase"]
[SourceQuality "1"]

{[%evp 11,134,20,23,9,0,11,4,6,13,-3,27,23,22,9,22,26,36,43,61,56,97,20,52,44,45,53,43,45,40,25,47,35,84,82,110,95,102,104,92,95,91,77,96,66,79,90,125,97,98,45,37,40,44,56,46,40,39,45,52,46,31,40,95,94,91,91,99,97,88,83,214,159,149,112,113,102,84,102,102,103,141,139,152,116,140,131,153,153,164,0,154,162,186,184,189,192,198,190,208,184,189,175,175,175,175,175,175,175,292,287,398,394,324,282,431,468,641,632,759,737,709,745,697,585,593]} 1. c4 c5 2. g3 Nf6 3. Bg2 d5 4. cxd5 Nxd5 5. Nc3 Nc7 6. f4 g6 7. b3 {A34: Symmetrical English: 2 Nc3, lines with ...d5.} Bg7 8. Bb2 O-O 9. Qc1 {The position is equal.} Nd7 10. Ne4 Bxb2 (10... e5 {is interesting.} 11. Nh3 b6 12. O-O Rb8 13. d3 f5) 11. Qxb2 Ne6 {[#]} 12. Nf3 $146 ({Predecessor:} 12. Rc1 Rb8 13. Nf3 b6 14. Nf2 Bb7 15. Ng4 Nf6 16. Nxf6+ exf6 17. O-O Re8 18. e3 Bxf3 19. Bxf3 {0-1 (30) Lombardy,W (2520)-Franco Ocampos,Z (2360) Buenos Aires 1979}) 12... Nf6 13. Nf2 Bd7 14. Ne5 Rb8 15. e3 Bb5 16. Nc4 (16. h4 $16) 16... Nd5 17. O-O f6 18. Rac1 Bc6 19. Qb1 Kg7 20. a3 b6 21. b4 cxb4 22. axb4 Bb5 23. Rfe1 Rc8 24. Qe4 Nec7 25. Na3 Bd7 26. Qd4 e6 27. Qb2 Qe7 28. b5 Rfd8 29. Bf1 Qb4 {[#]} 30. Rb1 (30. Qa1 $1 $16) 30... Qxb2 $14 31. Rxb2 Ne8 32. Nc4 Rc5 33. Ra1 Bxb5 34. Rxa7+ Kf8 35. Na3 $36 {[%mdl 2048] White has good play.} Bxf1 36. Kxf1 Ra5 (36... Rc1+ $14 37. Kg2 Ra1) 37. Rxa5 $16 bxa5 38. Rb7 Ne7 39. Ke2 Ra8 40. Ne4 Nd5 (40... a4 $16) 41. Nc5 Ndc7 42. Nb5 Nxb5 43. Nxe6+ ({Much weaker is} 43. Rxb5 $6 a4 $11) 43... Kg8 {And now ...Nbd6 would win.} 44. Rxb5 {[%mdl 4096] Endgame KRN-KRN} a4 45. Rb2 a3 46. Ra2 Nd6 47. Kd3 h5 48. Nd4 Ra4 49. Kc3 Ne4+ 50. Kd3 Nd6 $1 51. Kc2 Rc4+ 52. Kd1 Ra4 53. d3 h4 54. gxh4 Ra7 55. Kc2 Rh7 56. Kb3 Rxh4 57. Kxa3 Rh3 {[#]} 58. Re2 $1 Kf7 59. Kb4 f5 (59... Ke7 {might work better.} 60. Kc5 Kd7) 60. Nc6 $18 Kf6 61. Kc5 Nf7 62. e4 Rxd3 (62... fxe4 $142 63. dxe4 Rc3+ 64. Kd5 Rd3+ 65. Nd4 Nd8 66. e5+ Ke7) 63. e5+ {White is clearly winning.} Ke6 64. Nd4+ Ke7 65. Rg2 Nh8 66. Ra2 Nf7 67. Ra6 Ke8 {Accuracy: White = 91%, Black = 70%.} 1-0

[Event "23rd Pirc Memorial GM 2020"]
[Site "Maribor"]
[Date "2020.08.13"]
[Round "5.5"]
[White "Schwabeneder, Florian"]
[Black "Subelj, Jan"]
[Result "1/2-1/2"]
[WhiteElo "2431"]
[BlackElo "2408"]
[Annotator "TA"]
[PlyCount "116"]
[EventDate "2020.08.10"]
[EventType "tourn"]
[EventCountry "SLO"]
[SourceTitle "playchess.com"]
[Source "ChessBase"]
[SourceQuality "1"]

{[%evp 23,116,14,13,0,10,0,0,0,0,0,24,18,17,0,6,13,50,46,55,54,56,48,57,36,53,23,45,15,21,14,10,9,20,0,8,5,16,7,41,13,13,0,31,26,52,53,56,55,62,51,48,33,39,41,98,107,107,101,98,98,98,99,104,36,47,47,39,20,20,12,12,0,0,0,0,0,0,0,0,0,0,0,0,0,0,0,0,0,8,8,8,8,8,8,8]} 1. e4 e5 2. Nf3 Nc6 3. Bb5 a6 4. Ba4 Nf6 5. O-O Be7 6. Re1 b5 7. Bb3 d6 8. c3 O-O 9. d3 Na5 10. Bc2 c5 11. Nbd2 {[%cal Bb1d2,Bd2f1,Bf1e3,Be3c4][%mdl 32]} Nc6 12. Nf1 Be6 13. Ne3 {C90: Closed Ruy Lopez with 7...d6: Early deviations.} Rc8 14. a4 b4 {[#]} 15. Ng5 $146 ({Predecessor:} 15. Bb3 Rb8 16. Bc4 Qc8 17. Bd2 h6 18. Bd5 Bd8 19. Qc2 Bxd5 20. exd5 {0-1 (55) Tiemann,H (2134)-Schott,D GER email 2016}) 15... Bd7 16. Bb3 Na5 17. Ba2 Rb8 18. Nc4 Bg4 19. Nf3 b3 20. Nxa5 Qxa5 ({Wrong is} 20... bxa2 $2 21. Nc6 $18) 21. Bxb3 Bxf3 $1 22. gxf3 Nh5 23. Bc4 Qd8 24. f4 Nxf4 25. Bxf4 (25. Bxa6 {keeps more tension.} Bg5 26. Qg4 h5 27. Qf3 Ne6 28. Bb5) 25... exf4 26. Rb1 a5 27. Qf3 Bg5 28. Re2 Qf6 29. Rd1 Rfe8 30. Kh1 Qe7 31. Bb5 Rec8 32. Bc4 Qd7 33. b3 Bf6 34. d4 cxd4 35. cxd4 Rxc4 36. bxc4 Qxa4 37. Ree1 Qxc4 38. Qxf4 h6 (38... Rd8 $14) 39. Qxd6 $16 Rd8 40. Qc5 Rxd4 41. Qxc4 Rxc4 {[%mdl 4096] Endgame KRR-KRB} 42. Rc1 Rb4 43. Rb1 (43. Rc8+ $16 Kh7 44. e5) 43... Bb2 44. Re2 Be5 45. Rxb4 (45. Rc1 {looks sharper.} a4 46. Rc8+ Kh7 47. Ra8 Bb2 48. Ra6) 45... axb4 $14 {KR-KB. The position is equal.} 46. Rd2 b3 47. Rd5 b2 48. Rb5 g5 49. h3 Kg7 50. Kg2 Kg6 51. f3 f6 52. Rb7 Kh5 53. Kf2 Kh4 54. Kg2 h5 55. Rb3 g4 56. hxg4 hxg4 {[#] White should prevent ...Kg5.} 57. f4 $1 {[%mdl 512]} Bxf4 {Threatens to win with ...Be5.} 58. Rxb2 Kg5 {Accuracy: White = 92%, Black = 87%.} 1/2-1/2

[Event "23rd Pirc Memorial GM 2020"]
[Site "Maribor"]
[Date "2020.08.14"]
[Round "6.1"]
[White "Mohr, Georg"]
[Black "Subelj, Jan"]
[Result "0-1"]
[WhiteElo "2434"]
[BlackElo "2408"]
[Annotator "TA"]
[PlyCount "78"]
[EventDate "2020.08.10"]
[EventType "tourn"]
[EventCountry "SLO"]
[SourceTitle "playchess.com"]
[Source "ChessBase"]
[SourceQuality "1"]

{[%evp 11,78,25,17,0,0,0,0,0,0,-12,0,-20,-10,-47,-10,-5,-8,-6,0,-27,0,-13,0,0,-14,-17,0,0,0,6,21,5,4,0,0,-7,0,0,8,-14,-17,-14,-13,-18,-12,-49,-43,-173,-186,-166,-162,-198,-187,-262,-247,-240,-166,-166,-129,-116,-113,-583,-586,-515,-519,-773,-773,-1909,-1893]} 1. c4 e6 2. Nf3 d5 3. g3 Nf6 4. Bg2 dxc4 5. Qa4+ Nbd7 6. Qxc4 c5 7. a4 {A13: English Opening: 1...e6.} b6 8. Nc3 Bb7 9. O-O {The position is equal.} Be7 10. d3 O-O 11. Qb3 a6 12. Bf4 Nd5 13. Nxd5 Bxd5 14. Qc2 e5 {[#]} 15. Be3 $146 ({But not} 15. Nxe5 $2 Bxg2 16. Nxf7 Rxf7 $19) ({Predecessor:} 15. Bd2 Re8 16. Bc3 Bf8 17. Rfd1 Rc8 18. Ne1 Nb8 19. Bxd5 Qxd5 20. e4 Qe6 21. Ng2 {½-½ (37) Mohr,G (2454)-Chkhaidze,N (2297) Deutschlandsberg 2018}) 15... Qc8 16. Nd2 Bxg2 17. Kxg2 Nf6 18. Nc4 Nd5 19. Bd2 Qe6 20. e4 Nf6 21. a5 b5 22. Nb6 Rad8 23. Rfd1 Nd7 24. Nd5 Rc8 25. b3 f5 26. Nxe7+ Qxe7 27. exf5 Rxf5 28. b4 Nf6 {...Qb7+ is the strong threat.} 29. Be3 {[#]} (29. Kg1 $15) 29... Qb7+ $1 $19 30. Kg1 cxb4 {[%mdl 64] Discovered Attack} 31. Qb3+ {[#]} Nd5 $1 32. Rac1 (32. Bd2 $142) 32... Rc3 33. Qa2 Rf7 34. Bd2 Rxd3 $40 {[%mdl 128] And now ...Qd7 would win. White is in trouble.} 35. Be1 Rd4 {aiming for ...Nc3!} 36. Rxd4 $4 {[%mdl 8192]} (36. Qe2 $17 {is tougher.}) 36... exd4 {Black is clearly winning.} 37. Rc5 Nc3 38. Qe6 {Strongly threatening Rc8+.} h6 39. Rf5 Qd7 {Accuracy: White = 60%, Black = 85%.} 0-1

[Event "23rd Pirc Memorial GM 2020"]
[Site "Maribor"]
[Date "2020.08.14"]
[Round "6.2"]
[White "Mikhalchishin, Adrian"]
[Black "Schwabeneder, Florian"]
[Result "1-0"]
[WhiteElo "2458"]
[BlackElo "2431"]
[Annotator "TA"]
[PlyCount "113"]
[EventDate "2020.08.10"]
[EventType "tourn"]
[EventCountry "SLO"]
[SourceTitle "playchess.com"]
[Source "ChessBase"]
[SourceQuality "1"]

{[%evp 13,113,13,20,9,6,11,16,7,22,0,0,0,0,-10,0,0,5,0,7,17,0,-18,0,0,-7,-15,-15,-29,-27,-24,-9,-12,28,28,35,22,43,8,25,18,16,16,27,17,66,72,81,91,91,79,109,109,109,106,129,130,150,117,133,142,136,117,118,118,120,89,119,90,148,145,184,183,187,173,214,214,266,275,297,285,560,545,527,541,588,593,579,556,627,612,761,451,587,564,719,570,4125,2071,29976,4710,29977,29978]} 1. d4 d5 2. c4 e6 3. Nc3 Bb4 4. Nf3 Nf6 5. cxd5 exd5 6. Bg5 Qd6 7. Bxf6 Qxf6 8. Qa4+ {D38: Queen's Gambit Declined: Ragozin Defence (4 Nf3 Bb4).} Nc6 9. e3 O-O 10. Be2 {The position is equal.} a6 11. O-O Be6 12. Rac1 Bd6 13. a3 {[#]} Rfe8 $146 ({Predecessor:} 13... Ne7 14. b4 Nf5 15. Qc2 c6 16. Na4 Rae8 17. Nc5 Bc8 18. a4 g5 {½-½ (59) Cox,J (2368)-Fressinet,L (2713) Douglas 2014}) 14. Qc2 Qh6 15. g3 Ne7 16. Rfe1 c6 17. Bd3 Qh5 18. Nh4 Rad8 19. Qd1 Qh6 20. Qf3 Qg5 21. Qe2 Bb8 22. Na4 Kh8 23. Nc5 Bc8 24. Qc2 g6 25. e4 f6 (25... b6 $5 {[%cal Rb6c5]} 26. Nxa6 dxe4 27. Rxe4 (27. Nxb8 exd3 28. Qxd3 c5 $11) 27... Bd6 $14) 26. e5 $36 {[%mdl 2048] White is more active.} fxe5 {[#] White must now prevent ...e4.} 27. Nf3 Qf6 28. Nxe5 a5 29. f4 b6 {Black is now going downhill.} 30. Na4 Ba7 31. Qf2 Kg7 32. b4 axb4 33. axb4 Qd6 34. b5 cxb5 35. Nc3 Bb8 36. Nxb5 Qf6 37. Rc2 Rf8 38. Rce2 Ng8 39. h4 Nh6 40. Qg2 Ng4 (40... Bf5 $142) 41. Rc1 {Strongly threatening Rxc8!} Nxe5 42. dxe5 ({Much less strong is} 42. fxe5 $6 Qf3 $14) 42... Qe7 43. Nd4 Qa3 44. Rd1 ({Resist} 44. Rxc8 Rxc8 45. Ne6+ (45. Qxd5 Kh6 $11) 45... Kh6 $16) 44... Bg4 45. Ra2 Qc3 46. Be2 Bxe5 $2 (46... Bf5 {keeps fighting.} 47. Kh2 Bc8) 47. fxe5 $18 Qe3+ 48. Kh2 Rf2 49. Bxg4 Rxg2+ 50. Rxg2 {[#] Hoping for Ne6+.} Re8 51. Re2 Qa3 52. e6 h5 53. Bf3 Qc5 54. Re5 Kf6 55. Rxd5 Qc3 56. Bg2 (56. Rd7 $142 g5 57. Rf1 Qxf3 58. Rxf3+ Ke5 59. Re3+ Kf6 60. Rf7+ Kg6 61. Ref3 gxh4 62. gxh4 Rxe6 63. Nxe6 Kh6 64. R3f6#) 56... Re7 57. Rd7 {Accuracy: White = 84%, Black = 57%.} 1-0

[Event "23rd Pirc Memorial GM 2020"]
[Site "Maribor"]
[Date "2020.08.14"]
[Round "6.3"]
[White "Bratkovic, Sham"]
[Black "Markoja, Boris"]
[Result "0-1"]
[WhiteElo "2236"]
[BlackElo "2440"]
[Annotator "TA"]
[PlyCount "62"]
[EventDate "2020.08.10"]
[EventType "tourn"]
[EventCountry "SLO"]
[SourceTitle "playchess.com"]
[Source "ChessBase"]
[SourceQuality "1"]

{[%evp 19,61,-27,-6,-16,-10,-3,2,-13,13,16,20,11,7,-12,-12,-12,-12,-12,-12,-14,-10,-44,-28,-28,-37,-96,-97,-98,-93,-130,-112,-143,-128,-555,-555,-555,-555,-555,-555,-555,-555,-621,-621,-29999]} 1. d4 Nf6 2. c4 e6 3. Nc3 c5 4. e3 d5 5. Nf3 a6 6. a3 dxc4 7. Bxc4 b5 8. Ba2 Bb7 9. O-O Nbd7 10. Qe2 Qc7 11. e4 {D27: Queen's Gambit Accepted: Classical main line: 7 e4!? and 7 a4.} cxd4 12. Nxd4 Bc5 13. Be3 {[#] The position is equal.} O-O $146 ({Predecessor:} 13... Rd8 14. Rac1 Qb6 15. Rfd1 Ne5 16. Nd5 exd5 17. b4 Bxd4 18. Bxd4 Qe6 19. exd5 Bxd5 20. Bxe5 {1-0 (32) Ibragimov,I (2585)-Egin,V (2445) St Petersburg 1997}) 14. Rac1 Qe5 15. f4 Qh5 16. Nf3 (16. Qxh5 {is more complex.} Nxh5 17. Rce1 Bxd4 18. Bxd4 Nxf4 19. Rxf4 e5 20. Rxf7 Rxf7 21. Rf1) 16... Nxe4 17. Nxe4 Bxe4 18. Bxc5 Nxc5 19. Qe3 Bxf3 $1 20. Rxf3 Nd7 $1 21. Rh3 $1 {[%cal Rh3h5]} Qg4 22. Rg3 (22. Bb1 $15 g6 23. Rf1) 22... Qh4 $17 23. Qd4 {[%csl Gg3][%cal Rd4g7] [#]} Qf6 24. Qf2 Rfd8 25. Rf3 g6 26. Rc7 $2 {[%mdl 8192] [#] White does not recover from this.} (26. Rd3 $17 {is more resistant.}) 26... Ne5 $1 $19 {[%mdl 512]} 27. fxe5 Rd1+ 28. Qf1 Rxf1+ 29. Rxf1 Qxe5 30. Rfxf7 Rd8 31. Rfe7 Qe1# {Accuracy: White = 56%, Black = 93%.} 0-1

[Event "23rd Pirc Memorial GM 2020"]
[Site "Maribor"]
[Date "2020.08.14"]
[Round "6.3"]
[White "Bratkovic, Sham"]
[Black "Markoja, Boris"]
[Result "*"]
[WhiteElo "2236"]
[BlackElo "2440"]
[Annotator "TA"]
[PlyCount "37"]
[EventDate "2020.08.10"]
[EventType "tourn"]
[EventCountry "SLO"]
[SourceTitle "playchess.com"]
[Source "ChessBase"]
[SourceQuality "1"]

{[%evp 3,3,13]} 1. d4 Nf6 2. c4 {Not much happened in this game.} {Predecessor:} e6 3. Nf3 d5 4. Nc3 c6 5. Bg5 h6 6. Bh4 {D43: Semi-Slav: 5 Bg5 h6.} dxc4 7. e4 g5 8. Bg3 b5 9. Be2 Bb7 10. O-O Nbd7 11. Nd2 Qb6 12. a4 a6 13. e5 Nd5 14. Nde4 c5 15. Nxd5 Bxd5 16. Nc3 cxd4 17. Nxd5 exd5 18. Bh5 Nc5 19. Qxd4 {1-0 (26) Carlsen,M (2863)-Ding,L (2791) chess24.com INT 2020} *

[Event "23rd Pirc Memorial GM 2020"]
[Site "Maribor"]
[Date "2020.08.14"]
[Round "6.4"]
[White "Lampert, Jonas"]
[Black "Morgunov, Marc"]
[Result "1-0"]
[WhiteElo "2531"]
[BlackElo "2341"]
[Annotator "TA"]
[PlyCount "127"]
[EventDate "2020.08.10"]
[EventType "tourn"]
[EventCountry "SLO"]
[SourceTitle "playchess.com"]
[Source "ChessBase"]
[SourceQuality "1"]

{[%evp 24,127,35,32,33,27,37,17,14,21,85,64,62,65,108,105,118,116,172,145,360,138,138,138,173,173,176,180,172,156,144,141,142,137,139,141,156,156,148,143,152,150,159,159,159,159,156,141,141,150,228,211,219,225,196,214,197,224,335,327,297,210,346,346,336,336,382,382,883,700,382,382,382,382,1507,1366,1061,382,1300,382,1279,2211,4528,2680,6452,4775,4775,4775,4750,382,1885,1885,1559,382,29981,29982,29982,29982,29982,29981,29980,0,29982,29983,29983,29983]} 1. d4 Nf6 2. c4 e6 3. g3 Bb4+ 4. Bd2 Be7 5. Bg2 O-O 6. Nf3 c5 7. Nc3 cxd4 8. Nxd4 Nc6 9. Bf4 d5 10. cxd5 Nxd5 11. Nxd5 exd5 12. O-O Bf6 13. Nxc6 bxc6 {A33: Symmetrical English: 2 Nf3 Nf6 3 d4 cxd4 4 Nxd4 e6 5 Nc3 Nc6.} 14. Rc1 Qb6 {[#]} 15. Rxc6 $146 ({Predecessor:} 15. Be3 Qxb2 16. Rxc6 Be6 17. a4 Rfd8 18. Qc2 Qxc2 19. Rxc2 Rd7 20. Rd2 Rad8 21. Bd4 Bxd4 22. Rxd4 {½-½ (29) Bodziony,P (2111)-Manninen,J (2132) ICCF email 2018}) 15... Qxc6 {The position is equal.} 16. Bxd5 Qb6 (16... Qa6 $1 $11 17. Bxa8 Qxa2) 17. Bxa8 $16 Qxb2 18. Bd5 Ba6 19. Re1 Bc3 {[#]} 20. Qb1 $1 Qa3 (20... Qxb1 $16 {was worth a try.} 21. Rxb1 Bxe2) 21. Rc1 Qa5 $2 (21... Bd4 $16 22. Qe4 Bb6) 22. Qb3 $2 (22. Bd6 $18 {and the rest is easy.} Qxd5 23. Bxf8) 22... Bd2 23. Bc7 Qb5 24. Qxb5 Bxb5 25. Rc2 Bg5 26. Be5 Re8 27. f4 Bd8 28. Kf2 Bb6+ 29. Kf3 Ba6 30. g4 Rc8 31. Rxc8+ Bxc8 {[%mdl 4096] Endgame KBB-KBB} 32. f5 h5 33. h3 hxg4+ 34. hxg4 Bc5 35. Ke4 Ba6 36. e3 Be7 (36... Bf1 $16) 37. Bd4 $18 Be2 38. Bxa7 Bxg4 39. a4 {aiming for a5.} Bd8 40. Bb3 Ba5 (40... Kf8 $142 41. Bc5+ Ke8) 41. Bc5 Bh5 42. Kf4 Bd8 (42... Bc7+ {might work better.} 43. Ke4 Ba5) 43. e4 g6 44. Bb4 gxf5 45. exf5 Bc7+ $2 (45... Be2 46. Ke4 Bh4) 46. Kg5 Be2 47. Kf6 Bh5 48. Ke7 Bb6 $2 (48... Be5 49. f6 Bf4) 49. a5 Bd4 50. f6 $2 (50. Bc4 {Black must now prevent Kd6.} Kg7 51. a6) 50... Bg6 $2 (50... Be5 51. Bc4 Bd4) 51. Bc4 $2 (51. Kd6 {Bc5 is the strong threat.} Bd3 52. Ke7) 51... Bh5 $2 (51... Be5 52. a6 Bd4) 52. a6 Ba7 53. Kd6 Kh7 54. Bd3+ Kg8 55. Bc5 Bb8+ 56. Ke7 $2 (56. Kc6 Bf3+ 57. Kd7 Bg4+ 58. Ke7) 56... Bf3 $2 (56... Bg4 57. Bc4 Bh5) 57. Bc4 Bh5 58. Kd7 {[#] Threatens to win with Kc8.} Bf3 $2 (58... Bg4+ $18 59. Ke7 Bh5) 59. Kc8 Be5 60. a7 Bg4+ 61. Kb7 Bf3+ 62. Kc8 Bg4+ $1 63. Kd8 Bf3 64. Ke7 {Accuracy: White = 79%, Black = 42%.} 1-0

[Event "23rd Pirc Memorial GM 2020"]
[Site "Maribor"]
[Date "2020.08.14"]
[Round "6.4"]
[White "Lampert, Jonas"]
[Black "Morgunov, Marc"]
[Result "*"]
[WhiteElo "2531"]
[BlackElo "2341"]
[Annotator "TA"]
[PlyCount "35"]
[EventDate "2020.08.10"]
[EventType "tourn"]
[EventCountry "SLO"]
[SourceTitle "playchess.com"]
[Source "ChessBase"]
[SourceQuality "1"]

{[%evp 9,10,6,4]} 1. d4 Nf6 2. c4 e6 3. g3 Bb4+ 4. Bd2 Be7 5. Bg2 O-O {[#]} {Predecessor:} 6. Nf3 $146 {E16: Queen's Indian: 4 g3 Bb7 5 Bg2 Bb4+.} b6 7. O-O Bb7 8. Nc3 Na6 9. Rc1 Re8 10. Qc2 d5 11. cxd5 Nb4 12. Qb1 Nbxd5 13. Rfd1 Nxc3 14. Bxc3 Be4 15. Qa1 Qd5 16. Be1 Rac8 17. Nh4 Bxg2 18. Nxg2 {½-½ (74) Wang,H (2795)-Rapport,R (2739) Hengshui 2019} *